| 000 | 00513nam a2200157 a 4500 | ||
|---|---|---|---|
| 001 | 000047571 | ||
| 005 | 20201002060620.0 | ||
| 008 | 180703s2017 dr 000 spa d | ||
| 020 | _a9789945168419 | ||
| 040 |
_aDO-SdBNP _bspa _cBNPHU |
||
| 100 | 1 |
_aTineo, Josué _975218 |
|
| 245 | 3 |
_aEl coraje de triunfar :. : _bcomo enfrentar la adversidad y a través de ella hallar el propósito en nuestras vidas. |
|
| 260 |
_aSanto Domingo : _bBúho, _c2017. |
||
| 300 |
_a173 p. ; _c21 cm. |
||
| 590 | _aInventariado,2018/DG | ||
| 999 |
_c47059 _d47059 |
||